[Event "European Blitz 2017"]
[Site "Katowice POL"]
[Date "2017.12.15"]
[Round "11.87"]
[White "Motycakova, Monika"]
[Black "Kusiak, Matej"]
[Result "0-1"]
[WhiteTitle "WFM"]
[WhiteElo "2133"]
[BlackElo "2280"]
[WhiteFideId "14909626"]
[BlackFideId "14911213"]
[EventDate "2017.12.15"]
[EventType "blitz"]

1. e4 d6 2. d4 e5 3. Nf3 Nc6 4. Nc3 Nf6 5. dxe5 Nxe5 6. Nxe5 dxe5 7. Qxd8+ Kxd8
8. Bc4 Be6 9. Bxe6 fxe6 10. Bg5 Bd6 11. O-O-O Ke7 12. f3 a6 13. Rd3 b5 14. Rhd1
Rhd8 15. R1d2 h6 16. Bh4 g5 17. Bf2 h5 18. Ne2 Nd7 19. Ng3 Rh8 20. h3 Raf8 21.
Be3 Rfg8 22. c3 g4 23. hxg4 hxg4 24. Bf2 Rh2 25. Be1 gxf3 26. gxf3 Rh3 27. Ne2
Nf6 28. Kc2 Rg2 29. a3 Nh7 30. Nc1 Rxd2+ 31. Bxd2 Kf6 32. f4 Rxd3 33. fxe5+ Kxe5
34. Kxd3 Nf6 35. Ne2 Nxe4 36. Bf4+ Kd5 37. Be3 Nc5+ 38. Kc2 e5 39. b4 Ne6 40.
Nc1 Nf4 41. Nb3 Ke4 42. Bc5 Kd5 43. Be3 e4 44. Nc5 Bxc5 45. Bxc5 Ne6 46. Be3 c6
47. Kb3 Ng7 48. a4 Nf5 49. Bf4 e3 50. axb5 axb5 51. Kc2 Kc4 52. Be5 Kd5 53. Bf6
Ke4 54. Bg5 Nd6 55. Bf6 Nc4 56. Bd4 e2 57. Bf2 Kf3 58. Be1 Ke3 59. Bh4 Ne5 60.
Bg5+ Kf2 61. Bh4+ Kf1 62. Kd2 Nf3+ 63. Kd3 0-1

[Event "European Blitz 2017"]
[Site "Katowice POL"]
[Date "2017.12.15"]
[Round "11.88"]
[White "Przybylski, Wojciech"]
[Black "Frink, Ferenc"]
[Result "1-0"]
[WhiteTitle "FM"]
[BlackTitle "FM"]
[WhiteElo "2320"]
[BlackElo "2106"]
[WhiteFideId "1117599"]
[BlackFideId "704946"]
[EventDate "2017.12.15"]
[EventType "blitz"]

1. e4 Nc6 2. Nf3 e6 3. d4 d6 4. Nc3 Bd7 5. Bd3 Nf6 6. O-O e5 7. Be3 h6 8. h3 g5
9. dxe5 dxe5 10. Nd2 Nd4 11. Nd5 Nxd5 12. exd5 Nf5 13. Re1 Bd6 14. Nc4 Qf6 15.
Qf3 Be7 16. Bd2 Nh4 17. Qxf6 Bxf6 18. Nxe5 Bxe5 19. Rxe5+ Kd8 20. Rae1 a5 21.
Bc3 Rg8 22. Bh7 Rg7 23. Bd3 f6 24. Re7 1-0

[Event "European Blitz 2017"]
[Site "Katowice POL"]
[Date "2017.12.15"]
[Round "11.89"]
[White "Qorri, Fatmir"]
[Black "Tomaszewski, Roman"]
[Result "1-0"]
[BlackTitle "IM"]
[WhiteElo "2032"]
[BlackElo "2285"]
[WhiteFideId "4702107"]
[BlackFideId "1100637"]
[EventDate "2017.12.15"]
[EventType "blitz"]

1. d4 Nf6 2. Nf3 g6 3. c4 Bg7 4. Nc3 d5 5. cxd5 Nxd5 6. e4 Nxc3 7. bxc3 c5 8.
Bb5+ Nd7 9. O-O O-O 10. e5 Nb6 11. dxc5 a6 12. cxb6 axb5 13. Qxd8 Rxd8 14. Bg5
Kf8 15. Rfe1 h6 16. Be3 Be6 17. a3 Rdc8 18. Bd4 Ra4 19. Nd2 Rca8 20. Bc5 Rc8 21.
Bb4 Ra6 22. f4 Rxb6 23. a4 bxa4 24. Rxa4 Rbc6 25. Rea1 f6 26. Ra5 fxe5 27. fxe5
Kg8 28. Ne4 Bf5 29. Ng3 Re6 30. Nxf5 gxf5 31. Re1 Rd8 32. Kf2 Rd7 33. Kf3 Kf7
34. g3 Rc6 35. Rc5 Rxc5 36. e6+ 1-0

[Event "European Blitz 2017"]
[Site "Katowice POL"]
[Date "2017.12.15"]
[Round "11.90"]
[White "Tate, Alan"]
[Black "Zukauskas, Arnas Povilas"]
[Result "0-1"]
[WhiteTitle "FM"]
[WhiteElo "2358"]
[BlackElo "2082"]
[WhiteFideId "2401878"]
[BlackFideId "12808180"]
[EventDate "2017.12.15"]
[EventType "blitz"]

1. e4 c5 2. Nf3 e6 3. d4 cxd4 4. Nxd4 Nf6 5. Nc3 d6 6. g4 Be7 7. g5 Nfd7 8. h4
a6 9. Be3 b5 10. a3 Bb7 11. Qd2 Nc6 12. Nxc6 Bxc6 13. h5 Ne5 14. Be2 Qc7 15. f4
Nd7 16. O-O-O Nc5 17. Bf3 O-O-O 18. h6 g6 19. Rhe1 Rhe8 20. Kb1 Kb8 21. Bf2 Bb7
22. Qd4 e5 23. Qe3 f6 24. gxf6 Bxf6 25. Nd5 Bxd5 26. Rxd5 exf4 27. Qxf4 Be5 28.
Qe3 Na4 29. c3 Rc8 30. Rc1 Rf8 31. Bg4 Bf4 32. Qd4 Rcd8 33. Rd1 Be5 34. Qe3 Bxc3
35. bxc3 Nxc3+ 36. Kb2 Nxd5 37. Rxd5 Rc8 38. Qd2 Rxf2 39. Qxf2 Qc3+ 40. Ka2 Qc4+
41. Kb2 Qc1+ 42. Kb3 Rc3+ 43. Kb4 Rc4+ 44. Ka5 Ra4+ 45. Kb6 Qc7# 0-1

[Event "European Blitz 2017"]
[Site "Katowice POL"]
[Date "2017.12.15"]
[Round "11.91"]
[White "Roenko, Artur"]
[Black "Tokranovs, Dmitrijs"]
[Result "0-1"]
[BlackTitle "FM"]
[WhiteElo "2167"]
[BlackElo "2348"]
[WhiteFideId "14136732"]
[BlackFideId "11603011"]
[EventDate "2017.12.15"]
[EventType "blitz"]

1. d4 Nf6 2. c4 c5 3. d5 b5 4. cxb5 a6 5. b6 d6 6. Nc3 Nbd7 7. e4 g6 8. Nf3 Bg7
9. Be2 O-O 10. O-O Nxb6 11. Nd2 a5 12. a4 Ba6 13. Bb5 Bxb5 14. axb5 Ne8 15. Kh1
Nc7 16. f4 Qd7 17. Qe2 Rfb8 18. f5 Nc8 19. fxg6 hxg6 20. Qf3 e6 21. Nc4 exd5 22.
exd5 Nxb5 23. Nxa5 Nd4 24. Qf2 Ra7 25. Nc6 Rxa1 26. Nxb8 Qf5 27. Qe1 Qe5 28. Qf2
f5 29. Nc6 Qf6 30. Bf4 Rxf1+ 31. Qxf1 Ne7 32. Na5 g5 33. Bd2 f4 34. Nc4 Nef5 35.
Qe1 Qf7 36. Qe4 Qh5 37. Kg1 f3 38. g4 Qh3 39. Qe8+ Bf8 40. Qg6+ Ng7 41. Ne3 f2+
42. Kxf2 Qf3+ 43. Kg1 Qf4 44. Ncd1 Qf3 45. Nf2 Ne2+ 46. Kf1 Nf4 47. Qf6 Qe2+ 48.
Kg1 Qf3 49. b3 Ne2+ 50. Kf1 Qxf6 0-1

[Event "European Blitz 2017"]
[Site "Katowice POL"]
[Date "2017.12.15"]
[Round "11.92"]
[White "Wozniak, Mariola"]
[Black "Kutynec, Vladimir"]
[Result "1/2-1/2"]
[WhiteTitle "WIM"]
[BlackTitle "IM"]
[WhiteElo "2170"]
[BlackElo "2270"]
[WhiteFideId "1152050"]
[BlackFideId "4119843"]
[EventDate "2017.12.15"]
[EventType "swiss"]

1. e4 c5 2. Nf3 Nc6 3. d4 cxd4 4. Nxd4 g6 5. Nc3 Bg7 6. Be3 Nf6 7. Bc4 O-O 8. f3
Qb6 9. Qd2 Nxe4 10. fxe4 Bxd4 11. Bxd4 Qxd4 12. Qe2 d6 13. Rd1 Qb6 14. Nd5 Qxb2
15. O-O Qe5 16. Rd3 Be6 17. Rg3 b5 18. Bb3 Nd4 19. Nxe7+ Kg7 20. Qe3 Bxb3 21.
axb3 Qxe7 22. Qxd4+ Qe5 23. Qe3 Kh8 24. Kh1 a5 25. Rh3 a4 26. Qh6 Qg7 27. Qg5 a3
28. Qc1 a2 29. Qa1 Qxa1 30. Rxa1 Rfc8 31. c3 Ra3 32. Kg1 1/2-1/2

[Event "European Blitz 2017"]
[Site "Katowice POL"]
[Date "2017.12.15"]
[Round "11.93"]
[White "Reza, Wojciech"]
[Black "Woloch, Oskar"]
[Result "1-0"]
[WhiteElo "2283"]
[BlackElo "2107"]
[WhiteFideId "1151967"]
[BlackFideId "1192116"]
[EventDate "2017.12.15"]
[EventType "blitz"]

1. e4 d6 2. d4 Nf6 3. Nc3 e5 4. Nge2 Nbd7 5. g3 Be7 6. Bg2 c6 7. a4 O-O 8. O-O
a5 9. h3 exd4 10. Qxd4 Nc5 11. Be3 Qc7 12. Rad1 Re8 13. Bf4 Ne6 14. Bxd6 Nxd4
15. Bxc7 Nxc2 16. e5 Nd7 17. Rd2 Nb4 18. f4 Bc5+ 19. Kh2 Be3 20. Rdd1 f6 21. Ne4
fxe5 22. Nd6 Re7 23. Bd8 Re6 24. Nxc8 Rxc8 25. Rxd7 exf4 26. Bxa5 fxg3+ 27. Nxg3
Nc2 28. Bc3 Rg6 29. Nf5 Bc5 30. Rxb7 Ne3 31. Nxe3 Bxe3 32. Rff7 Bh6 33. a5 Re8
34. Rfe7 Rf8 35. Re1 Bf4+ 36. Kh1 Bd6 37. Rf1 Re8 38. a6 Re2 39. a7 1-0

[Event "European Blitz 2017"]
[Site "Katowice POL"]
[Date "2017.12.15"]
[Round "11.94"]
[White "Kindler, Przemyslaw"]
[Black "Cherepov, Alexej"]
[Result "0-1"]
[WhiteElo "2058"]
[BlackElo "2156"]
[WhiteFideId "1159542"]
[BlackFideId "13503650"]
[EventDate "2017.12.15"]
[EventType "blitz"]

1. e4 Nf6 2. e5 Nd5 3. c4 Nb6 4. d4 d6 5. exd6 exd6 6. Nc3 Be7 7. Be2 O-O 8. Nf3
Bg4 9. b3 Nc6 10. O-O Bf6 11. Be3 Re8 12. Rc1 h6 13. h3 Bh5 14. d5 Bxf3 15. Bxf3
Ne5 16. Ne4 Nbd7 17. Be2 a5 18. Bd4 Ng6 19. Nxf6+ Nxf6 20. Re1 b6 21. Qc2 Nd7
22. Bd3 Nf4 23. Bf5 Nc5 24. g3 Nh5 25. Bg4 Nf6 26. Bf3 Nfd7 27. Qf5 Qg5 28. Qxg5
hxg5 29. Re3 Rxe3 30. Bxe3 Ne5 31. Be2 f6 32. f4 gxf4 33. gxf4 Ng6 34. Bg4 Re8
35. Bxc5 bxc5 36. Be6+ Kf8 37. Rf1 Ke7 38. Kh2 Nf8 39. Bf5 Kf7 40. Rf2 Re3 41.
Bc8 Ng6 42. Be6+ Kf8 43. Bd7 Re4 44. Kg3 Re3+ 45. Kg4 Ne7 46. Be6 g6 47. Rg2 Kg7
48. f5 g5 49. Bd7 Re4+ 50. Kf3 Rf4+ 51. Ke3 Nxf5+ 52. Kd3 Nd4 53. Kc3 Kg6 54.
Be8+ Kf5 55. Bd7+ Ke4 56. Bg4 f5 57. Bd1 Rf1 0-1

[Event "European Blitz 2017"]
[Site "Katowice POL"]
[Date "2017.12.15"]
[Round "11.95"]
[White "Sotsky, Alexander"]
[Black "Malczyk, Radoslaw"]
[Result "1-0"]
[WhiteTitle "IM"]
[WhiteElo "2333"]
[BlackElo "2049"]
[WhiteFideId "4130715"]
[BlackFideId "1128574"]
[EventDate "2017.12.15"]
[EventType "blitz"]

1. d4 c5 2. Nc3 cxd4 3. Qxd4 Nf6 4. Bg5 Nc6 5. Qh4 e6 6. O-O-O Be7 7. e4 h6 8.
f4 O-O 9. Bxf6 Bxf6 10. Qg3 Qa5 11. e5 Be7 12. Bd3 f5 13. exf6 Bxf6 14. Nge2 Ne7
15. Kb1 a6 16. Qf3 Qb4 17. a3 Qb6 18. Qe4 Nf5 19. g4 d5 20. Qa4 Ne3 21. Rdg1 Qc6
22. Qxc6 bxc6 23. g5 hxg5 24. fxg5 Be5 25. h4 c5 26. h5 Bb7 27. Rh3 d4 28. Na4
c4 29. Bg6 Rf1+ 30. Rxf1 Nxf1 31. Nc5 Bd5 32. h6 Nd2+ 33. Kc1 Nf3 34. h7+ Kh8
35. Nxe6 d3 36. cxd3 cxd3 37. Bxd3 Rc8+ 38. Kb1 Nd2+ 39. Ka1 Bxe6 40. Re3 Nb3+
41. Kb1 Rc5 42. g6 a5 43. Nc3 Bd7 1-0

[Event "European Blitz 2017"]
[Site "Katowice POL"]
[Date "2017.12.15"]
[Round "11.96"]
[White "Dubinski, Mateusz"]
[Black "Kozak, Antoni"]
[Result "1/2-1/2"]
[WhiteTitle "CM"]
[WhiteElo "2249"]
[BlackElo "2076"]
[WhiteFideId "1125923"]
[BlackFideId "21832030"]
[EventDate "2017.12.15"]
[EventType "blitz"]

1. d4 Nf6 2. c4 e6 3. g3 c5 4. d5 exd5 5. cxd5 d6 6. Nc3 g6 7. Bg2 Bg7 8. Nf3
O-O 9. O-O Re8 10. Bf4 a6 11. a4 Nh5 12. Bg5 Qb6 13. Qd2 Nd7 14. g4 Nhf6 15. a5
Qc7 16. h3 h5 17. Ra4 hxg4 18. hxg4 b5 19. axb6 Nxb6 20. Rf4 Nh7 21. Bh4 Nd7 22.
e3 Ne5 23. g5 Nxf3+ 24. Bxf3 Be5 25. Ra4 Bd7 26. Ra2 Bh3 27. Bg2 Qc8 28. f4 Bxg2
29. Kxg2 Bg7 30. Bg3 Qg4 31. Rh1 f6 32. Rh4 Qf5 33. e4 Rxe4 34. Nxe4 Qxe4+ 35.
Kh2 Re8 36. Rxa6 Qc4 37. Kh3 Qxa6 38. Qc2 Qf1+ 39. Qg2 Qxg2+ 40. Kxg2 f5 41. Kf3
Bxb2 42. Rh2 Bd4 43. Ra2 Nf8 44. Ra6 Rd8 45. Be1 c4 46. Ba5 Rd7 47. Rc6 Bc5 48.
Ke2 Kf7 49. Kd2 Ra7 50. Bc3 Ra2+ 51. Kd1 Nd7 52. Rc7 Ke8 53. Rc8+ Ke7 54. Rg8
Nf8 55. Bf6+ Kd7 56. Rxf8 Rf2 57. Rf7+ Ke8 58. Rg7 Rxf4 59. Rxg6 Bd4 60. Rg8+
Kf7 61. Rg7+ Kf8 62. Rd7 Bxf6 63. gxf6 Rd4+ 64. Kc2 Rxd5 65. Kc3 Rc5 66. Rxd6
Kf7 67. Ra6 Rc7 68. Rb6 Kg6 69. Re6 f4 70. Re7 Rc8 71. Re4 f3 72. Rf4 Rc6 73.
Rxf3 Rxf6 74. Rxf6+ 1/2-1/2

[Event "European Blitz 2017"]
[Site "Katowice POL"]
[Date "2017.12.15"]
[Round "11.97"]
[White "Madrawski, Krzysztof"]
[Black "Gazik, Igor"]
[Result "1-0"]
[BlackTitle "IM"]
[WhiteElo "2052"]
[BlackElo "2257"]
[WhiteFideId "1163973"]
[BlackFideId "14900149"]
[EventDate "2017.12.15"]
[EventType "blitz"]

1. Nf3 g6 2. c4 Bg7 3. g3 Nf6 4. Bg2 O-O 5. O-O d6 6. d4 Nbd7 7. Nc3 e5 8. e4 a6
9. b3 exd4 10. Nxd4 c5 11. Nde2 Ne5 12. f4 Nc6 13. Bb2 Re8 14. Qd2 Nd4 15. Rae1
Bg4 16. Nxd4 cxd4 17. Nd5 Nxd5 18. cxd5 Qb6 19. Kh1 f5 20. h3 Bh5 21. Qd3 Qa5
22. Bxd4 Bxd4 23. Qxd4 Qxa2 24. exf5 gxf5 25. Qf6 Bg6 26. Qxd6 Qxb3 27. Re7 Rad8
28. Qe6+ Bf7 29. Qxf7+ 1-0

[Event "European Blitz 2017"]
[Site "Katowice POL"]
[Date "2017.12.15"]
[Round "11.98"]
[White "Adamczewski, Maciej"]
[Black "Narva, Mai"]
[Result "0-1"]
[BlackTitle "WIM"]
[WhiteElo "1999"]
[BlackElo "2211"]
[WhiteFideId "1148702"]
[BlackFideId "4500512"]
[EventDate "2017.12.15"]
[EventType "blitz"]

1. d4 Nf6 2. Nf3 d5 3. c4 e6 4. Nc3 Be7 5. Bf4 O-O 6. e3 c5 7. Be2 Nc6 8. O-O
cxd4 9. exd4 Bd6 10. Be5 dxc4 11. Bxc4 Ng4 12. Qe2 a6 13. Bd3 Ngxe5 14. dxe5 Bc7
15. Rad1 Qe7 16. Rfe1 g6 17. h4 b5 18. h5 Bb7 19. hxg6 hxg6 20. Qe4 Nxe5 21.
Qxb7 Nxd3 22. Qe4 Nxe1 23. Rxe1 Qf6 24. Qb4 Rad8 25. Ne4 Qg7 26. Qc5 Bf4 27. g3
Bb8 28. Qg5 f6 29. Qc5 e5 30. Nh4 Qf7 31. Qc2 Rd4 32. Nc3 Kg7 33. Ne2 Rc4 34.
Qd3 f5 35. b3 Rcc8 36. Nf3 e4 37. Qd4+ Qf6 38. Nh4 Qxd4 39. Nxd4 Kf6 40. Ng2 Ba7
41. Ne2 Rc2 42. a4 bxa4 43. bxa4 Rd8 44. Ne3 Ra2 45. Nc3 Ra3 46. Ncd5+ Kg7 47.
Rc1 Rd7 48. Rc6 Rxa4 49. Nf4 Bxe3 50. Rxg6+ Kf7 51. fxe3 Ra2 0-1

[Event "European Blitz 2017"]
[Site "Katowice POL"]
[Date "2017.12.15"]
[Round "11.99"]
[White "Melderis, Uldis"]
[Black "Wachinger, Nikolas"]
[Result "1/2-1/2"]
[WhiteElo "1947"]
[BlackElo "2243"]
[WhiteFideId "11600845"]
[BlackFideId "12962791"]
[EventDate "2017.12.15"]
[EventType "blitz"]

1. b4 Nf6 2. Bb2 g6 3. e3 Bg7 4. Nf3 O-O 5. Be2 d6 6. O-O e5 7. d3 Nbd7 8. Nbd2
b6 9. c4 Bb7 10. Qc2 Re8 11. a4 a5 12. b5 e4 13. dxe4 Nxe4 14. Bxg7 Kxg7 15.
Nxe4 Bxe4 16. Qc3+ Qf6 17. Qxf6+ Kxf6 18. Nd2 Bb7 19. Bf3 Bxf3 20. Nxf3 Nc5 21.
Rfd1 Re4 22. Nd4 Rae8 23. Kf1 Ke7 24. Ra2 Kd7 25. h3 Ne6 26. Rad2 Nxd4 27. Rxd4
R8e5 28. Rxe4 Rxe4 29. Rd4 Re5 30. Ke2 h5 31. Kd3 f5 32. h4 Ke6 33. g3 Rc5 34.
f3 Kf6 35. e4 Ke5 36. Rd5+ Rxd5+ 37. cxd5 fxe4+ 38. fxe4 Kf6 39. Kd4 Kf7 40. Ke3
Kf6 41. Kf4 Kf7 42. Kg5 Kg7 43. g4 hxg4 44. Kxg4 Kf7 45. Kg5 Kg7 46. Kg4 Kf7 47.
Kf4 Kf6 48. Kg4 Kf7 49. Kf4 Kf6 50. Kg4 1/2-1/2

[Event "European Blitz 2017"]
[Site "Katowice POL"]
[Date "2017.12.15"]
[Round "11.100"]
[White "Rigopoulos-Tsigkos, Alexandros"]
[Black "Slomczewski, Michal"]
[Result "1-0"]
[WhiteElo "2117"]
[BlackElo "1952"]
[WhiteFideId "4215109"]
[BlackFideId "1040650"]
[EventDate "2017.12.15"]
[EventType "blitz"]

1. e4 c6 2. d4 d5 3. e5 Bf5 4. h4 h5 5. c4 dxc4 6. Bxc4 e6 7. Nc3 Nd7 8. Nge2
Nb6 9. Bd3 Bxd3 10. Qxd3 Nh6 11. Bg5 Be7 12. Ne4 Nf5 13. Rd1 Nd5 14. a3 Bxg5 15.
hxg5 Qa5+ 16. b4 Qb6 17. g4 O-O-O 18. gxf5 exf5 19. Nd6+ Kb8 20. Nxf7 1-0

[Event "European Blitz 2017"]
[Site "Katowice POL"]
[Date "2017.12.15"]
[Round "12.2"]
[White "Fressinet, Laurent"]
[Black "Alekseev, Evgeny"]
[Result "1-0"]
[WhiteTitle "GM"]
[BlackTitle "GM"]
[WhiteElo "2662"]
[BlackElo "2616"]
[WhiteFideId "608742"]
[BlackFideId "4138147"]
[EventDate "2017.12.15"]
[EventType "blitz"]

1. e4 c5 2. Nf3 Nc6 3. Bb5 g6 4. Bxc6 dxc6 5. h3 Bg7 6. d3 b6 7. Nc3 Nh6 8. Bf4
f6 9. e5 O-O 10. O-O Nf5 11. Re1 a5 12. exf6 exf6 13. Qd2 Ra7 14. Ne4 Rd7 15. b3
Ne7 16. Bh6 Nd5 17. Bxg7 Kxg7 18. Nc3 Nc7 19. Re2 Re8 20. Rae1 Rde7 21. Rxe7+
Rxe7 22. Rxe7+ Qxe7 23. Na4 Na8 24. Qf4 b5 25. Qb8 bxa4 26. Qxc8 axb3 27. axb3
Nc7 28. Qb7 Qd6 29. Nd2 Qe7 30. Nf1 Qd6 31. Ne3 f5 32. Nc4 Qe7 33. Qxc6 Ne6 34.
Qd6 Qxd6 35. Nxd6 Nd4 36. Nb7 Nxc2 37. Nxa5 Ne1 38. d4 cxd4 39. Kf1 Nc2 40. Ke2
Nb4 41. Nc4 Kf6 42. Nb2 Ke6 43. Nd3 Nc6 44. g3 Kd5 45. h4 Kd6 46. Nf4 Na5 47. b4
Nc6 48. b5 Ne5 49. Nd3 Nc4 50. Nf4 Ne5 51. Kd2 Kc5 52. Ne6+ Kxb5 53. Nxd4+ Kc5
54. Ne6+ Kd6 55. Nf8 Ke7 56. Nxh7 Ng4 57. Ke2 Kf7 58. Ng5+ Kf6 59. Nf3 Nh6 60.
Nd4 Nf7 61. Ke3 Ne5 62. Nf3 Ng4+ 63. Ke2 Nh6 64. Ne1 Nf7 65. Nd3 Nd6 66. Ke3 Ne4
67. Nf4 Nc5 68. f3 Nd7 69. Nd3 Nf8 70. Nc5 Ke5 71. g4 fxg4 72. fxg4 Nh7 73. Kf3
Kd5 74. Nd3 Ke6 75. Kf4 Kf6 76. Nc5 Nf8 77. g5+ Kf7 78. Ke5 Ke7 79. Kd5 Kf7 80.
Kd6 Nh7 81. Nd7 Kg7 82. Ke7 Kh8 83. Kf7 Nf8 84. Kxf8 1-0

[Event "European Blitz 2017"]
[Site "Katowice POL"]
[Date "2017.12.15"]
[Round "12.3"]
[White "Mastrovasilis, Dimitrios"]
[Black "Jaracz, Pawel"]
[Result "0-1"]
[WhiteTitle "GM"]
[BlackTitle "GM"]
[WhiteElo "2582"]
[BlackElo "2465"]
[WhiteFideId "4202694"]
[BlackFideId "1102222"]
[EventDate "2017.12.15"]
[EventType "blitz"]

1. e4 c5 2. Nf3 e6 3. d4 cxd4 4. Nxd4 Nc6 5. Nb5 d6 6. Bf4 e5 7. Be3 a6 8. N5c3
Nf6 9. Bc4 Be6 10. Nd5 Nxe4 11. Bb6 Qg5 12. Nc7+ Kd7 13. Nxe6 fxe6 14. O-O d5
15. Be2 Bc5 16. Bxc5 Nxc5 17. Nd2 Kc7 18. c3 e4 19. b4 Nd7 20. Nb3 Rad8 21. a4
Kd6 22. b5 axb5 23. axb5 Nce5 24. c4 Ke7 25. cxd5 exd5 26. Ra7 b6 27. Kh1 Ng6
28. Nd4 Ra8 29. Nc6+ Kd6 30. Rxa8 Rxa8 31. g3 Nc5 32. f4 Qf6 33. Bc4 Ne7 34. Qg4
dxc4 35. Ne5 Nf5 36. Nxc4+ Kc7 37. Ne5 Ne3 0-1

[Event "European Blitz 2017"]
[Site "Katowice POL"]
[Date "2017.12.15"]
[Round "12.4"]
[White "Kovalev, Vladislav"]
[Black "Andriasian, Zaven"]
[Result "0-1"]
[WhiteTitle "GM"]
[BlackTitle "GM"]
[WhiteElo "2639"]
[BlackElo "2585"]
[WhiteFideId "13504398"]
[BlackFideId "13302000"]
[EventDate "2017.12.15"]
[EventType "blitz"]

1. e4 c5 2. Be2 Nc6 3. d3 g6 4. f4 d5 5. Nf3 Bg7 6. c3 d4 7. O-O Nf6 8. Na3 dxc3
9. bxc3 O-O 10. Nc4 b5 11. Nce5 Bb7 12. Nxc6 Bxc6 13. Ne5 Bb7 14. Rb1 a6 15. a4
Nd7 16. Nxd7 Qxd7 17. e5 bxa4 18. Ba3 Rac8 19. Bf3 Bxf3 20. Qxf3 Rfd8 21. Rfd1
e6 22. Qe4 Bf8 23. Rb6 Rb8 24. Rxa6 Rb3 25. Qxa4 Qxa4 26. Rxa4 Rxc3 27. Ra5 c4
28. Bxf8 Kxf8 29. d4 Rd3 30. Rxd3 cxd3 31. Ra1 Rxd4 32. g3 g5 33. fxg5 Kg7 34.
Kf2 d2 35. Rd1 Kg6 36. Ke3 Rd5 37. Kf4 Rd3 38. h4 Kh5 39. Ke4 Rxg3 40. Rxd2 Rg4+
41. Ke3 Rxh4 42. Rf2 Kg6 43. Rf6+ Kg7 44. Kf3 Ra4 45. Rh6 Rb4 46. Rf6 Rh4 47.
Rf4 Rh1 48. Re4 Kg6 49. Rf4 Rf1+ 50. Kg4 Rxf4+ 0-1

[Event "European Blitz 2017"]
[Site "Katowice POL"]
[Date "2017.12.15"]
[Round "12.5"]
[White "Michalik, Peter"]
[Black "Schneider, Ilja"]
[Result "0-1"]
[WhiteTitle "GM"]
[BlackTitle "IM"]
[WhiteElo "2557"]
[BlackElo "2517"]
[WhiteFideId "14907526"]
[BlackFideId "4663306"]
[EventDate "2017.12.15"]
[EventType "blitz"]

1. d4 d5 2. c4 c6 3. cxd5 cxd5 4. Nc3 Nf6 5. Bf4 Nc6 6. e3 Bg4 7. Qb3 Na5 8.
Qa4+ Bd7 9. Qc2 e6 10. Bd3 Nc6 11. a3 Nh5 12. Bg3 Be7 13. Nf3 Rc8 14. Be5 f6 15.
Bg3 f5 16. Be5 O-O 17. h3 Nf6 18. Bf4 Be8 19. g4 Ne4 20. gxf5 exf5 21. Qb3 Nxc3
22. bxc3 Na5 23. Qc2 Bd7 24. Rg1 Kh8 25. Ne5 Nc4 26. Bxc4 dxc4 27. Qe2 Be8 28.
Qf3 Qa5 29. Kd2 Bf6 30. Qxb7 Bh5 31. Qb4 Qd5 32. Rab1 Qe4 33. Qb7 Bxe5 34. Qxe4
fxe4 35. dxe5 Rcd8+ 36. Kc2 Be2 37. Rb7 Bd3+ 38. Kb2 Rb8 39. Rxb8 Rxb8+ 40. Ka2
Kg8 41. e6 Re8 42. Be5 g6 43. Bd4 a6 44. a4 Rxe6 45. a5 Re7 46. Ka3 Rb7 47. Bb6
Rf7 48. Rg2 Bf1 49. Rh2 Rf5 50. h4 h5 51. Kb4 Rb5+ 52. Ka4 Be2 53. Rg2 Kf7 54.
Bd4 Bd1+ 55. Ka3 Rb3+ 56. Ka2 Rb5 57. Ka3 Rxa5+ 58. Kb4 Rb5+ 59. Kxc4 Be2# 0-1

[Event "European Blitz 2017"]
[Site "Katowice POL"]
[Date "2017.12.15"]
[Round "12.6"]
[White "Warakomski, Tomasz"]
[Black "Chigaev, Maksim"]
[Result "0-1"]
[WhiteTitle "GM"]
[BlackTitle "GM"]
[WhiteElo "2537"]
[BlackElo "2555"]
[WhiteFideId "1124552"]
[BlackFideId "4108116"]
[EventDate "2017.12.15"]
[EventType "blitz"]

1. e4 g6 2. d4 Bg7 3. Nc3 d6 4. f4 Nf6 5. Nf3 O-O 6. Bd3 Nc6 7. O-O e5 8. d5 Nd4
9. Nxd4 exd4 10. Ne2 Re8 11. Ng3 c6 12. dxc6 bxc6 13. f5 Nd7 14. Bf4 Ne5 15. b3
Qh4 16. Ne2 Ng4 17. Qe1 Qxe1 18. Raxe1 Be5 19. h3 Ne3 20. Bxe3 dxe3 21. Rf3 gxf5
22. exf5 Bf6 23. Ref1 d5 24. Kh1 c5 25. Rf4 d4 26. Rg4+ Kh8 27. Kg1 Bb7 28. a4
Rg8 29. Rxg8+ Rxg8 30. Nf4 Be5 31. g4 Re8 32. Be2 Be4 33. Nd3 Bg3 34. Nxc5 Bxc2
35. Bd3 Bxd3 36. Nxd3 e2 0-1

[Event "European Blitz 2017"]
[Site "Katowice POL"]
[Date "2017.12.15"]
[Round "12.7"]
[White "Tomczak, Jacek"]
[Black "Kovalev, Denis"]
[Result "1/2-1/2"]
[WhiteTitle "GM"]
[BlackTitle "IM"]
[WhiteElo "2588"]
[BlackElo "2504"]
[WhiteFideId "1124668"]
[BlackFideId "14104059"]
[EventDate "2017.12.15"]
[EventType "blitz"]

1. e4 c6 2. d4 d5 3. Nc3 dxe4 4. Nxe4 Bf5 5. Ng3 Bg6 6. h4 h6 7. Nf3 Nf6 8. Ne5
Bh7 9. Bd3 Bxd3 10. Qxd3 e6 11. Bd2 Nbd7 12. f4 Bd6 13. O-O-O O-O 14. Ne4 Nxe4
15. Qxe4 f5 16. Qe2 Nf6 17. Rhe1 Qc7 18. Qc4 Rfe8 19. g4 Bxe5 20. dxe5 Nxg4 21.
Bb4 Nf2 22. Rd2 Ne4 23. Rg2 Rad8 24. Rg6 Qf7 25. Reg1 Kh7 26. h5 Rd5 27. Rxg7+
Qxg7 28. Rxg7+ Kxg7 29. Qf1 Rg8 30. Qg1+ Kh7 31. Qxa7 c5 32. Be1 Rg1 33. Qxb7+
Kg8 34. Qa8+ Kf7 35. Qa5 Rd2 36. Qc7+ Ke8 37. Qb8+ Rd8 38. Qb5+ Ke7 39. Qa5 Rd2
40. Qc7+ Ke8 41. Qc6+ Ke7 42. Qc7+ Ke8 43. Qc6+ Ke7 44. Qc7+ Rd7 45. Qa5 1/2-1/2

[Event "European Blitz 2017"]
[Site "Katowice POL"]
[Date "2017.12.15"]
[Round "12.8"]
[White "Navara, David"]
[Black "Zwardon, Vojtech"]
[Result "1-0"]
[WhiteTitle "GM"]
[BlackTitle "IM"]
[WhiteElo "2740"]
[BlackElo "2408"]
[WhiteFideId "309095"]
[BlackFideId "325511"]
[EventDate "2017.12.15"]
[EventType "blitz"]

1. d4 Nf6 2. c4 e5 3. dxe5 Ng4 4. Bf4 g5 5. Bd2 Nxe5 6. Nf3 Nxf3+ 7. exf3 Nc6 8.
Qe2+ Qe7 9. Bxg5 Qxe2+ 10. Kxe2 Bg7 11. Nc3 O-O 12. Kd2 d6 13. Bd3 Be6 14. Rad1
Ne5 15. b3 Nxd3 16. Kxd3 Bf5+ 17. Kd2 a6 18. Nd5 Bg6 19. Nxc7 Rac8 20. Nd5 b5
21. Ne7+ Kh8 22. Nxc8 Rxc8 23. Rc1 Bb2 24. cxb5 Bxc1+ 25. Rxc1 Rxc1 26. Kxc1
axb5 27. Be7 d5 28. Bf6+ Kg8 29. Kd2 Kf8 30. Kc3 Ke8 31. Kd4 Bb1 32. a4 bxa4 33.
bxa4 Ba2 34. a5 Bc4 35. Kc5 Kd7 36. Kb6 Kc8 37. Be5 d4 38. Bxd4 Bf1 39. g3 Bg2
40. f4 f5 41. Be5 Bf3 42. a6 h5 43. a7 Bg2 44. h4 Be4 45. g4 fxg4 46. f5 Kd7 47.
f6 Bf3 48. f7 Ke7 49. Kc7 Kxf7 50. Kb8 1-0